000
00321nam a2200133Ia 4500
008
240624s9999 xx 000 0 und d
041
_a
eng
082
_a
658.83 GUP
100
_a
GUPTA S L
245
_a
MARKETING RESEARCH
260
_c
2003
_a
New Delhi
_b
Excel Books
300
_a
xvi, : 599 : p. : cm. ; 24
365
_c
RS
999
_c
2507
_d
2507